000 00510nam a2200181Ia 4500
005 20250326141538.0
008 250326s9999 xx 000 0 und d
037 _aTextbook
040 _aFMSL
_beng
_cFMSL
041 _aeng
_2eng
084 _aX:8k N4
_qFMSL
100 _aHorngren C T
245 0 _aIntroduction to management accounting
_cHorngren C T
260 _aNew Delhi
_bNew Delhi, Prentice-Hall of India
_c1984
300 _a715p
942 _cTB
_hX:8k N4
999 _c1290798
_d1290798